000 00709nam a2200217 i 4500
001 98329
003 ES-MaACL
005 20250806060942.0
007 t|
008 050728s1942 sp ||||1| spa d
100 1 _aMartin, Etienne.
_977293
245 1 0 _aManual de medicina Legal /
_cpor Etienne Martin; traducida y adaptada de la segunda edición francesa por Wilfredo Coroleu.
260 _aBarcelona :
_bSalvat,
_c1942.
300 _aXV, 738 p. :
_bil. ;
_c21 cm.
490 1 _aColección testut
650 0 7 _aMedicina legal
_2embne
_914928
700 1 _aCoroleu, Wilfredo.
_940649
830 0 _aColección testut
_9182041
852 _aES-MaACL
_jE-210
_bR.27167
999 _c98329
_d98329